00709nam a2200205 a 450000100060000000300080000600500170001400800410003103500190007204000270009104100080011808200250012624501270015126000560027830000270033450000450036165000290040670000210043570000470045650742BD-RjUL20211209075546.0500101r1945 stk d 000 0 eng d a(BD-RjUL)50862 aAAAcAAAdBD-RjULbeng aeng 223a920.02bCHA 195300aChambers's biographical dictionary :bthe great of all nations and all times /cedited by Wm. Geddie and J. Liddell Geddie aEdinburgh ;aLondon :bW. & R. Chambers, ltd,c1953 axvi, 1006 p. ;c22 cm. aOriginal edition, 1897. Latest rev. 1945 0aBiographyvDictionaries.1 aGeddie, William.1 aGeddie, J. Liddellq(John Liddell),d1881-